| 000 | 00829nam a2200229 i 4500 | ||
|---|---|---|---|
| 001 | 46799 | ||
| 003 | ES-MaACL | ||
| 005 | 20250823021523.0 | ||
| 007 | t| | ||
| 008 | 030401s1955 sp ||||1| spa d | ||
| 100 | 1 |
_aConnell, Francis J. _940202 |
|
| 245 | 1 | 0 |
_aTeología para seglares / _cpor Francisco J. Connell ; versión del inglés por Pedro R. Santidrián. |
| 260 |
_aMadrid : _bEl Perpetuo Socorro, _c1955. |
||
| 300 |
_a2 t. ; _c17 cm. |
||
| 490 | 1 |
_aManuales del católico práctico ; _v2 |
|
| 505 | 8 | _aContiene: T.I: Puntos de Teología moral. -- T.II: Moral pública y profesional | |
| 650 | 7 |
_aMoral cristiana _2embne _9142371 |
|
| 700 | 1 |
_aRodríguez Santidrián, Pedro. _9160710 |
|
| 830 | 0 |
_aManuales del católico práctico ; _v2 _9182114 |
|
| 852 |
_aES-MaACL _jP-871 _bR.38203 |
||
| 999 |
_c46799 _d46799 |
||